| 000 | 01501nam a22002057a 4500 | ||
|---|---|---|---|
| 999 |
_c58369 _d58369 |
||
| 003 | Ge_BSU | ||
| 005 | 20211220110032.0 | ||
| 008 | 211217s2021 ge ||||| |||| 00| 0 geo d | ||
| 020 | _a9789941833519 | ||
| 041 | _ageo | ||
| 080 | _a364.63-027.555(075.8) ხ-30 | ||
| 100 |
_aხატიაშვილი, გოგა _913301 |
||
| 245 |
_aსახელმძღვანელო ქალთა და ბავშვთა მიმართ ძალადობისა და ოჯახში ძალადობის წინააღმდეგ ბრძოლის საკითხებზე : _bკანონის განმარტებები და პრაქტიკული საკითხები (2021 წლის 31 მაისის მდგომარეობით) / _cგოგა ხატიაშვილი. |
||
| 264 |
_aთბილისი, _c2021. |
||
| 300 |
_a280 გვ. ; _b23 სმ. |
||
| 504 | _aბიბლიოგრაფია ტექსტის შენიშვნებში. | ||
| 653 | _aოჯახური ძალადობა | ||
| 856 |
_uhttp://ewmi-prolog.org/images/files/6703%E1%83%92%E1%83%9D%E1%83%92%E1%83%90%E1%83%AE%E1%83%90%E1%83%A2%E1%83%98%E1%83%90%E1%83%A8%E1%83%95%E1%83%98%E1%83%9A%E1%83%98_%E1%83%A1%E1%83%90%E1%83%AE%E1%83%94%E1%83%9A%E1%83%9B%E1%83%AB%E1%83%A6%E1%83%95%E1%83%90%E1%83%9C%E1%83%94%E1%83%9A%E1%83%9D_PRINT.pdf _yელ. ვერსია |
||
| 942 |
_2udc _cBK |
||